V kauze PSIPS mŕtve vody
Likvidácia druhého najväčšieho investičného fondu na Slovensku - IF PSIPS, a.s. Banská Bystrica. Rekapitulácia doterajších udalostí od 3.3.1995, keď Ministerstvo financií SR odobralo fondu licenciu.
Enregistré dans:
| Auteur principal: | |
|---|---|
| Format: | Chapitre de livre |
| Langue: | slovaque |
| Sujets: | |
| Tags: |
Pas de tags, Soyez le premier à ajouter un tag!
|
MARC
| LEADER | 00000naa a2200000 4500 | ||
|---|---|---|---|
| 001 | r018592 | ||
| 005 | 20221205102126.3 | ||
| 041 | 0 | |a slo | |
| 044 | |a SK | ||
| 245 | 1 | 0 | |a V kauze PSIPS mŕtve vody |c M. Pintér |
| 520 | |a Likvidácia druhého najväčšieho investičného fondu na Slovensku - IF PSIPS, a.s. Banská Bystrica. Rekapitulácia doterajších udalostí od 3.3.1995, keď Ministerstvo financií SR odobralo fondu licenciu. | ||
| 610 | 2 | 0 | |a Slovensko |
| 610 | 2 | 0 | |a 1995 |
| 610 | 2 | 0 | |a fondy investičné |
| 610 | 2 | 0 | |a spoločnosti investičné |
| 610 | 2 | 0 | |a IF PSIPS, a.s. Banská Bystrica |
| 100 | 1 | |a Pintér, M. | |